| 000 | 00856cam a2200289 4500500 | ||
|---|---|---|---|
| 005 | 20260405003912.0 | ||
| 041 | _afre | ||
| 042 | _adc | ||
| 100 | 1 | 0 |
_aCamus, Antoine _eauthor |
| 700 | 1 | 0 |
_aGarcia, Manon _eauthor |
| 700 | 1 | 0 |
_aLegros, Martin _eauthor |
| 245 | 0 | 0 | _aGisèle Pelicot, la violence sexuelle et nous : Manon Garcia dialogue avec l’avocat Antoine Camus |
| 260 | _c2025. | ||
| 500 | _a80 | ||
| 690 | _aAvocat | ||
| 690 | _aConsentement | ||
| 690 | _aFéminisme | ||
| 690 | _aManon Garcia | ||
| 690 | _aMasculin | ||
| 690 | _aProcès | ||
| 690 | _aSexe | ||
| 690 | _aSoumission | ||
| 690 | _aViol | ||
| 690 | _aViolence | ||
| 786 | 0 | _nPhilosophie magazine | 187 | 3 | 2025-03-01 | p. 21-23 | 1951-1787 | |
| 856 | 4 | 1 | _uhttps://shs.cairn.info/magazine-philosophie-magazine-2025-3-page-21?lang=fr&redirect-ssocas=7080 |
| 999 |
_c2071923 _d2071923 |
||